Peoples and places of the past: the National Geographic illustred cultural atlas of the ancient world

Enregistré dans:
Détails bibliographiques
Collectivité auteur: National Geographic Society (Auteur)
Format: Livre
Langue:anglais
Publié: Washington, D.C National Geographic Society 1983
Sujets:
Tags: Ajouter un tag
Pas de tags, Soyez le premier à ajouter un tag!

MARC

LEADER 00000nam a2200000 a 4500
001 UCY4253
003 CL-VaPUC
008 950306e19830000US |||||||||||||||||eng|d
082 0 4 |a 909  |b NAT  |2 21 
110 2 |a National Geographic Society  |e author  |9 332651 
245 1 0 |a Peoples and places of the past: the National Geographic illustred cultural atlas of the ancient world 
300 |a 424 p 
942 |c BK 
945 |d 19950306 00:00:00  |a mfernand 
260 |a Washington, D.C  |b National Geographic Society  |c 1983 
650 0 |a Civilizaciones antiguas  |9 265998 
650 0 |a Civilización medieval   |9 265320 
583 |a last modification  |c 19950306 00:00:00  |k Rodrigo Vera 
999 |c 232156  |d 232154 
952 |0 0  |1 0  |4 0  |6 909_000000000000000_NAT_1983  |7 0  |8 F  |9 236242  |a BIBARQ  |b BIBARQ  |d 2019-11-15  |i 3062147  |o 909 NAT 1983  |p 3062147  |r 2025-01-20  |w 2019-11-15  |y BK_F  |k ARQ